| 000 | 00697cam a2200181 4500 | ||
|---|---|---|---|
| 001 | WB3716-01 | ||
| 008 | 000000n2001 000 0 eng u | ||
| 035 | _a(Sirsi) u112147 | ||
| 245 | _aCIB to be replaced | ||
| 260 | _c2001 | ||
| 490 |
_aContract Journal _v408(6323) 19 April 2001, 1(1) |
||
| 520 | _aThe Construction Industry Board (CIB) will cease to exist from June 2001. Its replacement will be a strategic forum working alongside the Confederation of Construction Clients (CCC) and aims to be more representative of clients. | ||
| 590 | _aWB | ||
| 650 | _aCONFEDERATION OF CONSTRUCTION CLIENTS | ||
| 650 | _aCONSTRUCTION INDUSTRY BOARD | ||
| 690 | _aBUILT ENVIRONMENT | ||
| 942 | _n0 | ||
| 999 |
_c66790 _d66790 |
||